The growth of the American Republic (Record no. 9117)
[ view plain ]
| 000 -LEADER | |
|---|---|
| fixed length control field | 01013cam a22002891 4500 |
| 001 - CONTROL NUMBER | |
| JCCL Control Number | 9117 |
| 003 - CONTROL NUMBER IDENTIFIER | |
| JCCL marc code | BD-JhCC |
| 005 - DATE AND TIME OF LATEST TRANSACTION | |
| control field | 20180308183437.0 |
| 008 - FIXED-LENGTH DATA ELEMENTS--GENERAL INFORMATION | |
| fixed length control field | 700114m19699999nyuabc b 000 0 eng |
| 035 ## - SYSTEM CONTROL NUMBER | |
| system control number | (BD-JhCC)9117 |
| 040 ## - CATALOGING SOURCE | |
| Original cataloging agency | DLC |
| Transcribing agency | DLC |
| Modifying agency | DLC |
| -- | BD-JhCC |
| 041 ## - LANGUAGE CODE | |
| Language code of Book | eng |
| 050 00 - LIBRARY OF CONGRESS CALL NUMBER | |
| Classification number | E178 |
| Item number | .M852 |
| 082 00 - DEWEY DECIMAL CLASSIFICATION NUMBER | |
| Classification number | 973 |
| Author mark and Year | MOR 1969 |
| 100 1# - MAIN ENTRY--PERSONAL NAME | |
| Personal name | Morison, Samuel Eliot, |
| Dates associated with a name | 1887-1976. |
| 245 14 - TITLE STATEMENT | |
| Title | The growth of the American Republic |
| Statement of responsibility, etc | [by] Samuel Eliot Morison, Henry Steele Commager, and William E. Leuchtenburg. |
| 250 ## - EDITION STATEMENT | |
| Edition statement | [6th ed., rev., and enl.] |
| 260 ## - PUBLICATION, DISTRIBUTION, ETC. (IMPRINT) | |
| Place of publication, distribution, etc | New York, |
| Name of publisher, distributor, etc | Oxford University Press, |
| Date of publication, distribution, etc | 1969- |
| 300 ## - PHYSICAL DESCRIPTION | |
| Pagination | v. |
| Other physical details | illus., maps, ports. |
| Dimensions | 24 cm. |
| 500 ## - GENERAL NOTE | |
| General note | Abbreviated and newly rev. ed. published in 1977 under title: A Concise history of the American Republic. |
| 504 ## - BIBLIOGRAPHY, ETC. NOTE | |
| Bibliography, etc | Bibliography: v. 1, p. 819-858. |
| 651 #0 - SUBJECT ADDED ENTRY--GEOGRAPHIC NAME | |
| Geographic name | United States |
| General subdivision | History. |
| 700 1# - ADDED ENTRY--PERSONAL NAME | |
| Personal name | Commager, Henry Steele, |
| Dates associated with a name | 1902-1998. |
| 700 1# - ADDED ENTRY--PERSONAL NAME | |
| Personal name | Leuchtenburg, William Edward, |
| Dates associated with a name | 1922- |
| 942 ## - ADDED ENTRY ELEMENTS (KOHA) | |
| Source of classification or shelving scheme | Dewey Decimal Classification |
| Koha item type | Books |
| Source of classification or shelving scheme | Damaged status | Not for loan | Home library | Current library | Shelving location | Total Checkouts | Full call number | Barcode | Date last seen | Copy number | Koha item type |
|---|---|---|---|---|---|---|---|---|---|---|---|
| Dewey Decimal Classification | JCC Rouf Library | JCC Rouf Library | General Stacks | 973 MOR 1969 | 12192 | 03/08/2018 | C - 1 | Books |